000 01263nam0a22003131 4500
001 v19\rc\1287859
005 20250618013106.0
035 _a(NLR Aleph) 004436343
090 _a4339432
_c4339432
100 _a20060306d1851 |||y0rusy50 ca
101 0 _arus
102 _aRU
105 _ab z |||||
200 1 _aБерег Понта Эвксинского от Истра до Борисфена в отношении к древним его колониям
_fСоч. Павла Беккера, дир. Одес. 2 гимназии, проф. рим. словесности при Ришел. лицее, д. чл. Одес. О-ва истории и древностей и чл.-кор. С.-Петерб. археол.-нумизмат. о-ва
210 _aОдесса
_cГор. тип.
_d1851
215 _a61 с., 1 л. карт.
_d26
700 1 _aБеккер
_bП.В.
_f1807-1881
_gПавел Васильевич
801 0 _aRU
_bNLR
_gpsbo
801 0 _aRU
_bRuMoRGB
_2psbo
801 1 _aRU
_bProSoft-M
_2rusmarc
852 _aNLR
_j18.17.3.53
899 _aRuMoRGB
_jF 56/7
899 _aRuMoRGB
_jT 64/536
899 _aRuMoRGB
_jU 261/30
899 _aБАН
899 _aНБ СПбГУ
899 _aГПИБ
942 _cBOOK
980 _aNB